XIX czy XX wiek? - Statystyki

Ogólne statystyki
  • Ten quiz został rozwiązany 66 razy
  • Średni wynik to 38 z 50
Statystyki odpowiedzi
Hint Odpowiedź % Poprawnych
Upadek Muru Berlińskiego XX wiek
96%
Pierwsze lądowanie na Księżycu XX wiek
94%
Wybuch dwóch wojen światowych XX wiek
94%
Odzyskanie niepodległości przez Polskę XX wiek
94%
Wybuchają powstania - styczniowe i listopadowe XIX wiek
92%
Winston Churchill pełni urząd premiera Wielkiej Brytanii XX wiek
92%
Benito Mussolini rządzi we Włoszech XX wiek
92%
Komuniści przejmują władzę w Chinach XX wiek
92%
Wybucha Powstanie Warszawskie XX wiek
92%
Rozpadają się Austro-Węgry XX wiek
92%
Wybuch wojny koreańskiej XX wiek
90%
Po raz pierwszy w boju użyte są czołgi XX wiek
90%
Saddam Husajn rządzi Irakiem XX wiek
90%
Liniowiec Titanic tonie na północnym Atlantyku XX wiek
90%
Na rynku pojawiają się pierwsze komputery XX wiek
90%
Obraduje kongres wiedeński XIX wiek
87%
USA toczy wojnę z Meksykiem m.in. o Kalifornię XIX wiek
87%
Księstwo Warszawskie zostaje zamienione w Królestwo Polskie XIX wiek
85%
W USA toczy się wojna secesyjna XIX wiek
85%
Talibowie po raz pierwszy przejmują władzę w Afganistanie XX wiek
85%
W Europie dochodzi do tzw. Wiosny Ludów XIX wiek
83%
VII koalicja wygrywa pod Waterloo XIX wiek
81%
Wynalezienie i znaczna popularyzacja transportu kolejowego XIX wiek
81%
Belgia uzyskuje niepodległość XIX wiek
79%
USA dostają od Francji w prezencie Statuę Wolności XIX wiek
79%
Indie wchodzą w skład Imperium Brytyjskiego XIX wiek
79%
Antarktyda zostaje odkryta XIX wiek
77%
Niemcy oraz Włochy zostają zjednoczone XIX wiek
75%
Kolonie hiszpańskie w Ameryce uzyskują niepodległość XIX wiek
73%
,,Lalka" Bolesława Prusa zostaje opublikowana XIX wiek
73%
W Austrii na świat przychodzi Adolf Hitler XIX wiek
73%
Rozpada się Imperium Brytyjskie XX wiek
73%
Karl Benz wynajduje samochód XIX wiek
71%
Włochy toczą wojnę w Etiopii XX wiek
71%
Utworzenie tzw. ,,Bałtyckiego Łańcucha" XX wiek
69%
Nagrany zostaje pierwszy film w historii XIX wiek
67%
Dochodzi do wojny krymskiej XIX wiek
67%
Otrzymanie dwóch Nagród Nobla przez Marię Skłodowską-Curie XX wiek
67%
Upada Imperium Osmańskie XX wiek
67%
Zwołana zostaje konferencja berlińska w celu podziału Afryki XIX wiek
63%
Wynalezienie telefonu przez A.G. Bella XIX wiek
60%
Wybucha I wojna burska XIX wiek
56%
Dochodzi do katastrofy tunguskiej XX wiek
56%
Pojawiają się hasła emancypacji kobiet i asymilacji żydów XIX wiek
54%
Francuzi przegrywają w bitwie pod Dien Bien Phu XX wiek
52%
Serbia, Grecja i Bułgaria uzyskują niepodległość od Imperium Osmańskiego XIX wiek
50%
Bracia Wright wynajdują samolot XX wiek
48%
Ludność świata przekracza 2 miliardy osób XX wiek
44%
Utworzony zostaje Związek Australijski XX wiek
40%
Po raz pierwszy Gdańsk uzyskuje status wolnego miasta XIX wiek
37%
Nie znaleziono quizów pasujących do podanych kryteriów
Rozkład punktacji
Procent ludzi z każdym wynikiem
Percentyl według liczby udzielonych odpowiedzi
Twoja historia wyników
Nie rozwiązałeś tego quizu